|
|
|
|
| LEADER |
00000nam0a2200000 4500 |
| 001 |
25242 |
| 005 |
20231030200838.0 |
| 010 |
|
|
|a 5832100689
|
| 035 |
|
|
|a (RuTPU)RU\TPU\book\25478
|
| 035 |
|
|
|a BOOK00025553
|
| 090 |
|
|
|a 25242
|
| 100 |
|
|
|a 20011209d2000 km y0rusy50 ca
|
| 101 |
0 |
|
|a rus
|
| 102 |
|
|
|a RU
|
| 105 |
|
|
|a y z 000zy
|
| 200 |
1 |
|
|a Хитрости, трюки и секреты создания Web-страниц на базе языка гипертекстовых документов HTML 3.0-4.0
|f А. Полянский
|
| 210 |
|
|
|a Москва
|c Познавательная книга
|d 2000
|
| 215 |
|
|
|a 240 с.
|
| 225 |
1 |
|
|a Кратко. Доступно. Просто
|
| 610 |
1 |
|
|a программирование
|
| 610 |
1 |
|
|a языки разметки
|
| 610 |
1 |
|
|a HTML 3.0-4.0
|
| 610 |
1 |
|
|a гипертекстовые документы
|
| 610 |
1 |
|
|a Web-страницы
|
| 675 |
|
|
|a 681.327.1
|v 3
|
| 700 |
|
1 |
|a Полянский
|b А.
|g Александр
|
| 801 |
|
0 |
|a RU
|b 63413507
|c 20011209
|g PSBO
|
| 801 |
|
2 |
|a RU
|b 63413507
|c 20051004
|g PSBO
|
| 942 |
|
|
|c BK
|